<?xml version="1.0" encoding="UTF-8"?><?xml-stylesheet type="text/xsl" href="static/style.xsl"?><OAI-PMH xmlns="http://www.openarchives.org/OAI/2.0/" xmlns:xsi="http://www.w3.org/2001/XMLSchema-instance" xsi:schemaLocation="http://www.openarchives.org/OAI/2.0/ http://www.openarchives.org/OAI/2.0/OAI-PMH.xsd"><responseDate>2026-05-11T21:44:30Z</responseDate><request verb="GetRecord" identifier="oai:riubu.ubu.es:10259/11514" metadataPrefix="marc">https://riubu.ubu.es/oai/request</request><GetRecord><record><header><identifier>oai:riubu.ubu.es:10259/11514</identifier><datestamp>2026-04-15T00:05:34Z</datestamp><setSpec>com_10259_7072</setSpec><setSpec>com_10259_3812</setSpec><setSpec>com_10259.4_106</setSpec><setSpec>com_10259_2604</setSpec><setSpec>col_10259_10673</setSpec></header><metadata><record xmlns="http://www.loc.gov/MARC21/slim" xmlns:doc="http://www.lyncode.com/xoai" xmlns:xsi="http://www.w3.org/2001/XMLSchema-instance" xmlns:dcterms="http://purl.org/dc/terms/" xsi:schemaLocation="http://www.loc.gov/MARC21/slim http://www.loc.gov/standards/marcxml/schema/MARC21slim.xsd">
<leader>00925njm 22002777a 4500</leader>
<datafield tag="042" ind1=" " ind2=" ">
<subfield code="a">dc</subfield>
</datafield>
<datafield tag="720" ind1=" " ind2=" ">
<subfield code="a">Medina Arnáiz, Teresa</subfield>
<subfield code="e">author</subfield>
</datafield>
<datafield tag="260" ind1=" " ind2=" ">
<subfield code="c">2020</subfield>
</datafield>
<datafield tag="520" ind1=" " ind2=" ">
<subfield code="a">En el ámbito de la Comunidad de Castilla y León, el derecho a la no&#xd;
discriminación por razón de género aparece recogido en el Estatuto de Autonomía de la Comunidad, reformado por la Ley Orgánica 14/2007, de 30&#xd;
de noviembre. Así, su artículo 14, en su apartado primero, prohibe expresamente la discriminación de género u orientación sexual y el apartado segundo exige a los poderes públicos de Castilla y León «que garanticen la transversalidad del principio de igualdad de género en todas sus políticas,&#xd;
promoviendo acciones positivas para lograr la igualdad de oportunidades&#xd;
entre mujeres y hombres, sobre todo en los ámbitos educativo, económico,&#xd;
laboral, en la vida pública, en el medio rural, en relación con la salud y colectivos de mujeres en situación de necesidad especial, particularmente las&#xd;
víctimas de violencia de género>. A partir de esta reforma estatutaria, «la&#xd;
promoción de la igualdad de trato y de oportunidades entre mujeres y hombres, con particular atención a las mujeres víctimas de violencia de género»&#xd;
(artículo 70.1. 11*) es competencia exclusiva del Gobierno autonómico.</subfield>
</datafield>
<datafield tag="024" ind2=" " ind1="8">
<subfield code="a">978-84-259-1814-8</subfield>
</datafield>
<datafield tag="024" ind2=" " ind1="8">
<subfield code="a">https://hdl.handle.net/10259/11514</subfield>
</datafield>
<datafield tag="245" ind1="0" ind2="0">
<subfield code="a">Castilla y León</subfield>
</datafield>
</record></metadata></record></GetRecord></OAI-PMH>